Ciencia y medicina : (Registro nro. 10999)
[ vista simple ]
| 000 -CABECERA | |
|---|---|
| campo de control de longitud fija | 00598cam a2200181 a 4500 |
| 001 - NÚMERO DE CONTROL | |
| campo de control | 000011284 |
| 005 - FECHA Y HORA DE LA ÚLTIMA TRANSACCIÓN | |
| campo de control | 20200929162417.0 |
| 008 - DATOS DE LONGITUD FIJA--INFORMACIÓN GENERAL | |
| campo de control de longitud fija | 921022s1986 cu b 000 0 spa |
| 040 ## - FUENTE DE LA CATALOGACIÓN | |
| Centro catalogador/agencia de origen | DO-SdBNP |
| Lengua de catalogación | spa |
| Centro/agencia transcriptor | BNPHU |
| 082 ## - NÚMERO DE LA CLASIFICACIÓN DECIMAL DEWEY | |
| Número de clasificación | 610.9 |
| Número de documento/Ítem | L864c |
| 100 1# - ENTRADA PRINCIPAL--NOMBRE DE PERSONA | |
| Nombre de persona | López Sánchez, José, |
| Fechas asociadas al nombre | 1911- |
| 9 (RLIN) | 26873 |
| 245 10 - MENCIÓN DE TÍTULO | |
| Título | Ciencia y medicina : |
| Resto del título | historia de las ciencias / |
| Mención de responsabilidad, etc. | José López Sánchez. |
| 260 ## - PUBLICACIÓN, DISTRIBUCIÓN, ETC. | |
| Lugar de publicación, distribución, etc. | La Habana : |
| Nombre del editor, distribuidor, etc. | Científico-Técnica, |
| Fecha de publicación, distribución, etc. | 1986. |
| 300 ## - DESCRIPCIÓN FÍSICA | |
| Extensión | 409 p. ; |
| Dimensiones | 24 cm. |
| 504 ## - NOTA DE BIBLIOGRAFÍA, ETC. | |
| Nota de bibliografía, etc. | Bibliográfia p: 405-406 |
| 650 #4 - PUNTO DE ACCESO ADICIONAL DE MATERIA--TÉRMINO DE MATERIA | |
| Término de materia o nombre geográfico como elemento de entrada | Medicina |
| Subdivisión geográfica | Cuba |
| Subdivisión general | Historia. |
| 9 (RLIN) | 26874 |
| 650 #4 - PUNTO DE ACCESO ADICIONAL DE MATERIA--TÉRMINO DE MATERIA | |
| Término de materia o nombre geográfico como elemento de entrada | Medicina |
| Subdivisión geográfica | Cuba |
| Subdivisión general | Historia. |
| 9 (RLIN) | 26874 |
| Estado de retiro | Estado de pérdida | Restricciones de uso | No para préstamo | Código de colección | Localización permanente | Ubicación/localización actual | Ubicación en estantería | Fecha de adquisición | Número de inventario | Total de préstamos | Signatura topográfica completa | Código de barras | Fecha visto por última vez | Precio válido a partir de | Tipo de ítem Koha | Número de copia |
|---|---|---|---|---|---|---|---|---|---|---|---|---|---|---|---|---|
| Préstamo interno | Monografías: Libros y Folletos | General | General | Depósito | 15.10.2009 | LF1 | 610.9 L864c | 11284-10 | 25.06.2020 | 25.06.2020 | Préstamo interno | |||||
| Extraviado | Excluido de préstamo | Monografías: Libros y Folletos | General | General | Extraviado | 09.06.2017 | LF1 | 610.9 L864c | 11284-20 | 25.06.2020 | 25.06.2020 | No se presta | e. 2 |
